Development Targets and Costs / (Record no. 2075)

000 -LEADER
fixed length control field 00290 a2200097 4500
082 ## - DEWEY DECIMAL CLASSIFICATION NUMBER
Classification number 332.4619 CHR
100 ## - MAIN ENTRY--PERSONAL NAME
Personal name Christiaensen, Luc
245 ## - TITLE STATEMENT
Title Development Targets and Costs /
Statement of responsibility, etc. Luc Christiaensen, Christopher Scott , Quentin Wodon
260 ## - PUBLICATION, DISTRIBUTION, ETC.
Date of publication, distribution, etc. 2001
300 ## - PHYSICAL DESCRIPTION
Extent 131-470p. :
Other physical details ill. ;
Dimensions 30 cm
650 ## - SUBJECT ADDED ENTRY--TOPICAL TERM
Topical term or geographic name entry element Targets and Costs
Holdings
Withdrawn status Lost status Damaged status Not for loan Permanent Location Current Location Shelving location Date acquired Total Checkouts Full call number Barcode Date last seen Price effective from Koha item type
        School of Civil and Environmental Engineering (SCEE) School of Civil and Environmental Engineering (SCEE)       332.4619 CHR NIT-1281 01/05/2017 01/05/2017 Book
© 2023 Central Library, National University of Sciences and Technology. All Rights Reserved.